Easy Malay vocabulary : 1001 essential words covering both Malaysia and Indonesia

Bibliographic Details
Main Author: HAMILTON
Format: Book
Published: Singapore : Times Books International , 1985
Subjects:

MARC

LEADER 00000cam a2200000 7i4500
001 0000000748
005 20000928.0
020 0 0 |a 9812043004 
090 0 0 |a 499.2382421   |b HAM 1985 
100 1 0 |a HAMILTON   |h A. W. 
245 1 0 |a Easy Malay vocabulary :   |b 1001 essential words covering both Malaysia and Indonesia   |c A. W. Hamilton 
260 0 0 |a Singapore :   |b Times Books International ,   |c 1985 
300 |a 269 p. ;   |c 19 cm. 
650 0 0 |a English language   |x Conversation and phrase books   |x Malay 
650 0 0 |a Malay language   |x Conversation and phrase books   |x English 
650 0 0 |a Malay language   |x Pronunciation 
650 0 0 |a Malay language   |x Vocabulary 
999 |a 0000000153   |b Monograph   |c Open Shelf   |e Default branch 
999 |a 0000000515   |b Monograph   |c Open Shelf   |e Default branch